<?xml version="1.0" encoding="UTF-8"?>
<record
    xmlns:xsi="http://www.w3.org/2001/XMLSchema-instance"
    xsi:schemaLocation="http://www.loc.gov/MARC21/slim http://www.loc.gov/standards/marcxml/schema/MARC21slim.xsd"
    xmlns="http://www.loc.gov/MARC21/slim">

  <leader>01459nam a2200277   4500</leader>
  <datafield tag="999" ind1=" " ind2=" ">
    <subfield code="c">63393</subfield>
    <subfield code="d">63393</subfield>
  </datafield>
  <controlfield tag="005">20240530110638.0</controlfield>
  <controlfield tag="008">171004s2016    ua     g b    000 0dara d</controlfield>
  <datafield tag="017" ind1=" " ind2=" ">
    <subfield code="a">2015/7948</subfield>
    <subfield code="b">&#x645;&#x635;&#x631;. &#x62F;&#x627;&#x631; &#x627;&#x644;&#x643;&#x62A;&#x628;</subfield>
  </datafield>
  <datafield tag="020" ind1=" " ind2=" ">
    <subfield code="a">9789777352536</subfield>
  </datafield>
  <datafield tag="040" ind1=" " ind2=" ">
    <subfield code="a">EG-CaGPL</subfield>
    <subfield code="c">EG-CaGPL</subfield>
  </datafield>
  <datafield tag="082" ind1="0" ind2="4">
    <subfield code="2">21</subfield>
    <subfield code="a">939.49/</subfield>
    <subfield code="b">&#x623; &#x623;</subfield>
  </datafield>
  <datafield tag="100" ind1="0" ind2=" ">
    <subfield code="a">&#x627;&#x62D;&#x645;&#x62F; &#x639;&#x628;&#x62F;&#x627;&#x644;&#x628;&#x627;&#x633;&#x637; &#x62D;&#x633;&#x646;</subfield>
  </datafield>
  <datafield tag="245" ind1="1" ind2="0">
    <subfield code="a">&#x627;&#x631;&#x628;&#x639; &#x62F;&#x631;&#x627;&#x633;&#x627;&#x62A; &#x627;&#x648;&#x644;&#x64A;&#x629; &#x641;&#x649; &#x62A;&#x627;&#x631;&#x64A;&#x62E; &#x633;&#x643;&#x627;&#x646; &#x627;&#x644;&#x62C;&#x632;&#x64A;&#x631;&#x629; (&#x627;&#x644;&#x639;&#x631;&#x628;&#x64A;&#x629;) &#x627;&#x644;&#x642;&#x62F;&#x64A;&#x645; :</subfield>
    <subfield code="b">&#x627;&#x635;&#x648;&#x644; &#x633;&#x643;&#x627;&#x646; &#x627;&#x644;&#x62C;&#x632;&#x64A;&#x631;&#x629; - &#x644;&#x63A;&#x627;&#x62A; &#x633;&#x643;&#x627;&#x646; &#x627;&#x644;&#x62C;&#x632;&#x64A;&#x631;&#x629; &#x648;&#x643;&#x62A;&#x627;&#x628;&#x62A;&#x647;&#x645; - &#x639;&#x635;&#x631; &#x627;&#x644;&#x628;&#x637;&#x648;&#x644;&#x629; &#x641;&#x649; &#x62A;&#x627;&#x631;&#x64A;&#x62E; &#x627;&#x644;&#x628;&#x62F;&#x648; &#x627;&#x644;&#x639;&#x631;&#x628; &#x627;&#x644;&#x642;&#x62F;&#x64A;&#x645; - &#x627;&#x644;&#x62A;&#x632;&#x645;&#x64A;&#x646; &#x627;&#x644;&#x62A;&#x627;&#x631;&#x64A;&#x62E;&#x649; &#x644;&#x633;&#x643;&#x627;&#x646; &#x627;&#x644;&#x62C;&#x632;&#x64A;&#x631;&#x629; &#x641;&#x649; &#x627;&#x644;&#x639;&#x635;&#x648;&#x631; &#x627;&#x644;&#x642;&#x62F;&#x64A;&#x645; /</subfield>
    <subfield code="c">&#x627;&#x62D;&#x645;&#x62F; &#x639;&#x628;&#x62F;&#x627;&#x644;&#x628;&#x627;&#x633;&#x637; &#x62D;&#x633;&#x646;</subfield>
  </datafield>
  <datafield tag="250" ind1=" " ind2=" ">
    <subfield code="a">&#x637;. 2</subfield>
    <subfield code="b">&#x645;&#x646;&#x642;&#x62D;&#x629; &#x648;&#x645;&#x639;&#x62F;&#x644;&#x629; &#x648;&#x645;&#x636;&#x627;&#x641; &#x627;&#x644;&#x64A;&#x647;&#x627;</subfield>
  </datafield>
  <datafield tag="260" ind1=" " ind2=" ">
    <subfield code="a">&#x627;&#x644;&#x627;&#x633;&#x643;&#x646;&#x62F;&#x631;&#x64A;&#x629; :</subfield>
    <subfield code="b">&#x62F;&#x627;&#x631; &#x627;&#x644;&#x648;&#x641;&#x627;&#x621; &#x644;&#x62F;&#x646;&#x64A;&#x627; &#x627;&#x644;&#x637;&#x628;&#x627;&#x639;&#x629; &#x648; &#x627;&#x644;&#x646;&#x634;&#x631; &#x60C;</subfield>
    <subfield code="c">2016.</subfield>
  </datafield>
  <datafield tag="300" ind1=" " ind2=" ">
    <subfield code="a">376 &#x635;.&#x61B;</subfield>
    <subfield code="c">24 &#x633;&#x645;.</subfield>
  </datafield>
  <datafield tag="504" ind1=" " ind2=" ">
    <subfield code="a">&#x64A;&#x634;&#x62A;&#x645;&#x644; &#x639;&#x644;&#x649; &#x627;&#x631;&#x62C;&#x627;&#x639;&#x627;&#x62A; &#x628;&#x628;&#x644;&#x64A;&#x648;&#x62C;&#x631;&#x627;&#x641;&#x64A;&#x629;</subfield>
  </datafield>
  <datafield tag="650" ind1="0" ind2="7">
    <subfield code="2">qrmak</subfield>
    <subfield code="a">&#x627;&#x644;&#x627;&#x646;&#x633;&#x627;&#x628; &#x648;&#x627;&#x644;&#x627;&#x639;&#x631;&#x627;&#x642;</subfield>
  </datafield>
  <datafield tag="650" ind1="0" ind2="7">
    <subfield code="2">qrmak</subfield>
    <subfield code="a">&#x627;&#x644;&#x628;&#x62F;&#x648;</subfield>
  </datafield>
  <datafield tag="650" ind1="0" ind2="7">
    <subfield code="2">qrmak</subfield>
    <subfield code="a">&#x627;&#x644;&#x642;&#x628;&#x627;&#x626;&#x644; &#x627;&#x644;&#x639;&#x631;&#x628;&#x64A;&#x629;</subfield>
  </datafield>
  <datafield tag="650" ind1="0" ind2="7">
    <subfield code="2">qrmak</subfield>
    <subfield code="a">&#x627;&#x644;&#x62C;&#x627;&#x647;&#x644;&#x64A;&#x629;</subfield>
  </datafield>
  <datafield tag="651" ind1="0" ind2="7">
    <subfield code="2">qrmak</subfield>
    <subfield code="a">&#x634;&#x628;&#x629; &#x627;&#x644;&#x62C;&#x632;&#x64A;&#x631;&#x629; &#x627;&#x644;&#x639;&#x631;&#x628;&#x64A;&#x629;</subfield>
    <subfield code="x">&#x62A;&#x627;&#x631;&#x64A;&#x62E;</subfield>
  </datafield>
  <datafield tag="651" ind1="0" ind2="7">
    <subfield code="2">qrmak</subfield>
    <subfield code="a">&#x627;&#x644;&#x639;&#x627;&#x644;&#x645; &#x627;&#x644;&#x639;&#x631;&#x628;&#x649;</subfield>
    <subfield code="x">&#x62A;&#x627;&#x631;&#x64A;&#x62E;</subfield>
    <subfield code="y">&#x627;&#x644;&#x639;&#x635;&#x631; &#x627;&#x644;&#x62C;&#x627;&#x647;&#x644;&#x649;</subfield>
  </datafield>
  <datafield tag="942" ind1=" " ind2=" ">
    <subfield code="2">ddc</subfield>
    <subfield code="c">BK</subfield>
  </datafield>
  <datafield tag="952" ind1=" " ind2=" ">
    <subfield code="0">0</subfield>
    <subfield code="1">0</subfield>
    <subfield code="4">0</subfield>
    <subfield code="7">0</subfield>
    <subfield code="a">CAI</subfield>
    <subfield code="b">CAI</subfield>
    <subfield code="c">MAIN-LIBRARY</subfield>
    <subfield code="d">2017-10-04</subfield>
    <subfield code="l">0</subfield>
    <subfield code="o">939.49/ &#x623; &#x623;</subfield>
    <subfield code="p">163403</subfield>
    <subfield code="r">2017-10-04 00:00:00</subfield>
    <subfield code="w">2017-10-04</subfield>
    <subfield code="y">BK</subfield>
  </datafield>
</record>
